Timișoara Traian Vuia Int Airport Destinations (Timișoara, Romania) - Statistics

General Stats
  • This quiz has been taken 23 times
  • The average score is 18 of 33
Answer Stats
Airline Destination % Correct
Animawings/HiSky/TAROM Bucharest (Otopeni)
100%
Animawings/Turkish Airlines Istanbul
100%
Wizz Air London (Luton)
94%
Wizz Air Rome (Ciampino)
94%
Lufthansa Munich
88%
Corendon Airlines/Freebird Airlines/Pegasus Airlines/TAROM Antalya
82%
Wizz Air Barcelona
82%
Wizz Air Naples
76%
Wizz Air Bari
71%
Wizz Air Madrid
71%
Animawings Corfu
65%
Animawings Palma de Mallorca
59%
Animawings/Sky Express Rhodes
59%
Wizz Air Bergamo
53%
Wizz Air Bologna
53%
Animawings/Sky Express Heraklion
53%
Animawings Chania
47%
Wizz Air Valencia
47%
Wizz Air Basel/Mulhouse
41%
Wizz Air Beauvais
41%
Wizz Air Charleroi
41%
Wizz Air Memmingen
41%
Wizz Air Hahn
35%
HiSky/TAROM Hurghada
35%
HiSky/Wizz Air Larnaca
35%
Wizz Air Treviso
35%
Animawings/Wizz Air Zakynthos
35%
Animawings Tenerife (South)
29%
Wizz Air Dortmund
24%
Animawings Dubai (Al Maktoum)
24%
Wizz Air Karlsruhe/Baden-Baden
24%
Wizz Air Nuremberg
24%
Sky Express Patras
6%
No matching quizzes found
Score Distribution
Percent of People with Each Score
Percentile by Number Answered
Your Score History
You have not taken this quiz